00428nam a2200145Ia 4500100002300000942000700023654002400030245004800054260004500102082000800147300000800155546001200163999001700175952009000192 aGottfried/Byron S  cBK aProgramming & Basic aTheory & Problem Of Programming With Pascal bMcGraw Hill.( Schaum''s)aNew Yorkc1986 a1.6 a407 aENGLISH c17831d17831 001040708AFTaCRCEbCRCEd2023-03-17l0o1.6 pAFT5303r2023-03-17w2023-03-17yBK